Obfuscations of Band Names - Statistics

General Stats
  • This quiz has been taken 74 times
  • The average score is 6 of 15
Answer Stats
Hint Answer % Correct
Fury directed towards the apparatus comprising several components assembled to perform a particular purpose Rage Against the Machine
79%
Spreadable saccharine fruit product which counts among its ingredients the precious stones produced by molluscs Pearl Jam
68%
Vermilion capsica containing a concentration of capsaicin sufficient to the inducement of oral discomfort Red Hot Chili Peppers
62%
Secretive religious order characterised by an association with an azure bivalve Blue Öyster Cult
49%
Torqued individual with whom you share two parents and whose genome includes two X chromosomes Twisted Sister
49%
Children recently domiciled in the area between two parallel streets New Kids on the Block
48%
Winged flying contraption pertaining in some way to the third president of the United States of America Jefferson Airplane
46%
Young men from thoroughfares down which people seldom venture Backstreet Boys
44%
Young women with a noted association with the components of plants which have been dried for culinary applications Spice Girls
44%
Mesolithic women that have inherited the highest authorities over their respective societies Queens of the Stone Age
43%
Offspring of the predetermined course of events Destiny's Child
40%
Carcass given to consuming members of its own species Cannibal Corpse
38%
Singular course along which a being or object may be set in motion One Direction
11%
Those given to making frequent public pronouncements The Proclaimers
8%
Nursery of disturbances through media Soundgarden
6%
No matching quizzes found
Score Distribution
Percent of People with Each Score
Percentile by Number Answered
Your Score History
You have not taken this quiz